[Event "GER-ch U25-B"]
[Site "Willingen"]
[Date "2018.05.26"]
[Round "9"]
[White "Walow, Xenia"]
[Black "Kovac, Linda"]
[Result "0-1"]
[WhiteElo "1778"]
[BlackElo "1564"]
[PlyCount "68"]
[EventDate "2018.05.19"]
[EventType "swiss"]
[EventRounds "9"]
[EventCountry "GER"]
[SourceTitle "CBM 184 Extra"]
[Source "ChessBase"]
[SourceDate "2018.06.28"]
[SourceVersion "1"]
[SourceVersionDate "2018.06.28"]
[SourceQuality "1"]

1. d4 Nf6 2. Bf4 g6 3. e3 Bg7 4. Nf3 d6 5. h3 0-0 6. c4 Nbd7 7. Nc3 a6 8. Be2 Qe8 9. 0-0 e5 10. Bh2 Rb8 11. Qa4 Qe7 12. Rfd1 b6 13. d5 Nc5 14. Qc2 Bf5 15. Qd2 Nce4 16. Nxe4 Nxe4 17. Qc1 Ng5 18. Bg3 Nxf3+ 19. Bxf3 Bd7 20. Qc2 f5 21. Re1 Qf6 22. Rab1 f4 23. Bh2 fxe3 24. Rxe3 Bh6 25. Re2 Bxh3 26. Qc3 Bf5 27. Rbe1 Rbe8 28. Bg3 Bg5 29. Qa3 a5 30. Qc3 h5 31. Bh2 h4 32. Kh1 Kg7 33. Rf1 e4 34. Bxe4 Rxe4 0-1

[Event "GER-ch U16 Girls"]
[Site "Willingen"]
[Date "2017.06.04"]
[Round "1"]
[White "Koehler, Inken"]
[Black "Walow, Xenia"]
[Result "1-0"]
[WhiteElo "1965"]
[BlackElo "1732"]
[PlyCount "79"]
[EventDate "2017.06.04"]
[EventType "swiss"]
[EventRounds "9"]
[EventCountry "GER"]
[SourceTitle "CBM 178 Extra"]
[Source "ChessBase"]
[SourceDate "2017.06.22"]
[SourceVersion "1"]
[SourceVersionDate "2017.06.22"]
[SourceQuality "1"]

1. e4 c5 2. Nf3 d6 3. Bb5+ Bd7 4. Bxd7+ Qxd7 5. c4 Nc6 6. d4 cxd4 7. Nxd4 g6 8. Nc3 Bg7 9. Nde2 Nf6 10. f3 0-0 11. Be3 Rac8 12. Rc1 b6 13. 0-0 Ne5 14. b3 Nc6 15. Qd2 Rfd8 16. Rfd1 Qb7 17. Qe1 Nd7 18. Nd5 Nde5 19. Qh4 Qd7 20. Nd4 Re8 21. Nb5 Qb7 22. Bg5 a6 23. Nxe7+ Nxe7 24. Nxd6 Qc7 25. Bxe7 Rxe7 26. Nxc8 Re8 27. Nd6 Rd8 28. c5 bxc5 29. Nc4 Nd3 30. Rc2 Bd4+ 31. Kf1 Nb4 32. Rcd2 f6 33. Qg3 Qe7 34. Na5 Qd7 35. Nc4 Qe7 36. e5 Nc6 37. exf6 Qxf6 38. Re2 Kg7 39. Qc7+ Kg8 40. Rde1 1-0

[Event "BL2 West 1516 (Women)"]
[Site "Germany"]
[Date "2016.02.27"]
[Round "6.6"]
[White "Lennartz, Christina"]
[Black "Walow, Xenia"]
[Result "1/2-1/2"]
[WhiteElo "1802"]
[BlackElo "1540"]
[PlyCount "129"]
[EventDate "2015.09.26"]
[EventType "team-tourn"]
[EventRounds "7"]
[EventCountry "GER"]
[SourceTitle "EXT 2017"]
[Source "ChessBase"]
[SourceDate "2016.10.25"]
[SourceVersion "1"]
[SourceVersionDate "2016.10.25"]
[SourceQuality "1"]
[WhiteTeam "Muelheim (W)"]
[BlackTeam "Paderborn (W)"]
[WhiteTeamCountry "GER"]
[BlackTeamCountry "GER"]

1. d4 d5 2. g3 Nf6 3. Bg2 Bf5 4. c4 c6 5. cxd5 cxd5 6. Nc3 e6 7. Nf3 Bd6 8. 0-0 0-0 9. Qb3 Qd7 10. Nb5 b6 11. Nxd6 Qxd6 12. Bf4 Qd7 13. Ne5 Qb7 14. Rfc1 Na6 15. Qa3 Rac8 16. Nc4 Nb8 17. Nd6 Rxc1+ 18. Rxc1 Qe7 19. Nxf5 Qxa3 20. bxa3 exf5 21. Rc7 a6 22. Rb7 Nbd7 23. Bg5 b5 24. Ra7 h6 25. Bxf6 Nxf6 26. Rxa6 Ne4 27. Bxe4 dxe4 28. Rb6 Ra8 29. Rxb5 Rxa3 30. Rb2 Ra8 31. Kg2 Kf8 32. e3 Ra7 33. f3 h5 34. fxe4 fxe4 35. Kf2 f5 36. h4 Kf7 37. Ke1 g6 38. Kd2 Ra6 39. Kc3 Ke6 40. Kc4 Rc6+ 41. Kb5 Rc3 42. Rb3 Rc8 43. a4 Rb8+ 44. Kc4 Rc8+ 45. Kb5 Rb8+ 46. Kc4 Rc8+ 47. Kb4 Kd6 48. a5 Ra8 49. Ka4 Kd5 50. Rb6 Kc4 51. Rxg6 Kd3 52. Kb5 Kxe3 53. Rf6 Kd2 54. Re6 e3 55. a6 e2 56. Kb6 e1Q 57. Rxe1 Kxe1 58. Kb7 Rd8 59. a7 Kf2 60. a8Q Rxa8 61. Kxa8 Kxg3 62. d5 f4 63. d6 f3 64. d7 f2 65. d8Q 1/2-1/2

[Event "GER-ch U14 Girls"]
[Site "Willingen"]
[Date "2015.05.25"]
[Round "3"]
[White "Walow, Xenia"]
[Black "Reitz, Theresa"]
[Result "1-0"]
[WhiteElo "1509"]
[BlackElo "1699"]
[PlyCount "81"]
[EventDate "2015.05.24"]
[EventType "swiss"]
[EventRounds "9"]
[EventCountry "GER"]
[SourceTitle "CBM 166 Extra"]
[Source "ChessBase"]
[SourceDate "2015.06.18"]
[SourceVersion "1"]
[SourceVersionDate "2015.06.18"]
[SourceQuality "1"]

1. d4 Nf6 2. Nf3 g6 3. c4 Bg7 4. Nc3 c5 5. d5 e6 6. e4 0-0 7. Be3 Na6 8. h3 exd5 9. exd5 d6 10. Bd3 Nc7 11. 0-0 b6 12. Qc2 Rb8 13. Rac1 a6 14. Bg5 b5 15. b3 bxc4 16. bxc4 Re8 17. Ne4 Na8 18. Rb1 Nb6 19. Rfd1 Rf8 20. Qd2 Bd7 21. Qf4 Bf5 22. Nxd6 Bxd3 23. Rxd3 Nh5 24. Qh2 Nxc4 25. Rc1 Qxd6 26. Rxc4 Qxh2+ 27. Kxh2 h6 28. Be3 Rb2 29. Ra3 Rc8 30. Rxa6 Nf6 31. Bd4 Nxd5 32. Bxb2 Bxb2 33. Ra5 Nb4 34. Raxc5 Rxc5 35. Rxc5 Nd3 36. Rc2 Ba3 37. Rc3 Bd6+ 38. Kg1 Nb4 39. Rc8+ Kg7 40. a4 Kf6 41. Ra8 1-0

[Event "GER-chT U20 Girls"]
[Site "Naumburg Saale"]
[Date "2014.12.29"]
[Round "6.4"]
[White "Walow, Xenia"]
[Black "Wagner, Swenja"]
[Result "1/2-1/2"]
[WhiteElo "1445"]
[BlackElo "1491"]
[PlyCount "62"]
[EventDate "2014.12.27"]
[EventType "team-swiss"]
[EventRounds "7"]
[EventCountry "GER"]
[SourceTitle "EXT 2016"]
[Source "ChessBase"]
[SourceDate "2015.10.08"]
[SourceVersion "1"]
[SourceVersionDate "2015.10.08"]
[SourceQuality "1"]
[WhiteTeam "Paderborn"]
[BlackTeam "Leegebruch"]
[WhiteTeamCountry "GER"]
[BlackTeamCountry "GE2"]

1. d4 d5 2. Nf3 Nf6 3. Bf4 e6 4. e3 c5 5. c3 Nc6 6. Bd3 Bd6 7. Bg3 0-0 8. Nbd2 b6 9. Ne5 Qc7 10. f4 Bb7 11. Bh4 Be7 12. g4 Ne4 13. g5 Nd6 14. Rg1 g6 15. Bf2 Rfe8 16. h4 Nxe5 17. dxe5 Nf5 18. h5 c4 19. Bxf5 exf5 20. hxg6 fxg6 21. Nf3 Bc5 22. Nd4 Bxd4 23. exd4 b5 24. Qe2 Re7 25. Rg3 a6 26. Re3 Rae8 27. Bg3 Re6 28. Kf2 Ra8 29. Rc1 Qa5 30. Ra1 Qc7 31. Rc1 Rae8 1/2-1/2

[Event "GER-ch U12"]
[Site "Oberhof"]
[Date "2013.05.24"]
[Round "9"]
[White "Riegel, Arinna"]
[Black "Walow, Xenia"]
[Result "1-0"]
[WhiteElo "1306"]
[BlackElo "1271"]
[PlyCount "133"]
[EventDate "2013.05.19"]
[EventType "swiss"]
[EventRounds "11"]
[EventCountry "GER"]
[SourceTitle "CBM 154 Extra"]
[Source "ChessBase"]
[SourceDate "2013.06.25"]
[SourceVersion "2"]
[SourceVersionDate "2013.06.25"]
[SourceQuality "1"]

1. e4 c5 2. Nf3 d6 3. Bb5+ Nd7 4. 0-0 a6 5. Bd3 Ngf6 6. c3 b5 7. Bc2 Bb7 8. Re1 e6 9. d4 Qc7 10. Bg5 Be7 11. Nbd2 Rc8 12. Rc1 h6 13. Bxf6 Nxf6 14. e5 dxe5 15. dxe5 Nd5 16. Qe2 Rd8 17. Rcd1 Nf4 18. Qf1 g5 19. h3 h5 20. Be4 g4 21. hxg4 hxg4 22. Bxb7 Qxb7 23. Nh2 Rg8 24. Re3 Bh4 25. Ne4 Rxd1 26. Qxd1 Qc7 27. Qd6 Qxd6 28. Nxd6+ Ke7 29. Nb7 c4 30. Nc5 Bg5 31. Re1 Nd3 32. Nxd3 cxd3 33. Nxg4 Bd2 34. Rd1 Bxc3 35. Nf6 Rg5 36. bxc3 Rxe5 37. Ng4 Rd5 38. Ne3 Rd6 39. Rd2 f5 40. g3 Kf6 41. f4 e5 42. Rh2 Ke6 43. Rh6+ Kd7 44. Rxd6+ Kxd6 45. Kf2 exf4 46. gxf4 Kc5 47. Ke1 b4 48. Kd2 bxc3+ 49. Kxc3 d2 50. Kxd2 Kd4 51. Nxf5+ Ke4 52. Nd6+ Kxf4 53. Kc3 Ke5 54. Nc8 Kd5 55. Kb4 Kc6 56. Ka5 Kc7 57. Ne7 Kb7 58. Nd5 Ka7 59. Nc7 Kb7 60. Nxa6 Ka7 61. Kb5 Kb7 62. a4 Ka7 63. Nc5 Ka8 64. Kb6 Kb8 65. a5 Ka8 66. a6 Kb8 67. Ne6 1-0

[Event "GER-ch U12"]
[Site "Oberhof"]
[Date "2013.05.21"]
[Round "5"]
[White "Walow, Xenia"]
[Black "Reitz, Theresa"]
[Result "1-0"]
[WhiteElo "1271"]
[BlackElo "1113"]
[PlyCount "165"]
[EventDate "2013.05.19"]
[EventType "swiss"]
[EventRounds "11"]
[EventCountry "GER"]
[SourceTitle "CBM 154 Extra"]
[Source "ChessBase"]
[SourceDate "2013.06.25"]
[SourceVersion "2"]
[SourceVersionDate "2013.06.25"]
[SourceQuality "1"]

1. d4 Nf6 2. Nf3 g6 3. c4 Bg7 4. Nc3 d5 5. Bf4 0-0 6. e3 Nc6 7. Bd3 e6 8. Ne5 Bd7 9. g4 Nxe5 10. dxe5 Ne8 11. g5 c6 12. Qg4 Nc7 13. h4 Qe7 14. h5 Rfe8 15. Qh4 dxc4 16. Bxc4 Bf8 17. Bd3 Red8 18. hxg6 fxg6 19. Bxg6 Bg7 20. Bxh7+ Kf8 21. Qg4 Bc8 22. Bg3 Ke8 23. Bg6+ Kf8 24. Qf4+ Kg8 25. Bh7+ Kh8 26. Bf5+ Kg8 27. g6 exf5 28. Bh4 Qe8 29. Bxd8 Qxd8 30. e4 Qf8 31. Qh4 Qe8 32. 0-0-0 Qxe5 33. exf5 Bxf5 34. Rhe1 Qf6 35. Qxf6 Bxf6 36. Rg1 Kg7 37. a3 Bxg6 38. Rd7+ Kh6 39. Rxc7 Rb8 40. Rh1+ Kg5 41. Rd7 Kf4 42. Rd2 Kf3 43. Kd1 Bg5 44. Rd6 Bf5 45. Rh5 Rg8 46. Ke1 Bg4 47. Rh7 Re8+ 48. Kf1 Rb8 49. Rd3+ Kf4 50. Rf7+ Ke5 51. Rg3 Bc1 52. Rxg4 Bxb2 53. Re4+ Kd6 54. Rf6+ Kc7 55. Re7+ Kd8 56. Rh7 Ke8 57. Rf8+ Kxf8 58. Rh8+ Kf7 59. Rxb8 Bxc3 60. Rxb7+ Kf6 61. Rxa7 Bb2 62. Ra6 Kf5 63. a4 c5 64. Rc6 Bd4 65. Ke2 Ke5 66. f3 Kf4 67. a5 Kf5 68. a6 c4 69. Rxc4 Ba7 70. Rc7 Bb6 71. a7 Bxa7 72. Rxa7 Kg5 73. Rf7 Kg6 74. Rf4 Kg7 75. Ke3 Kg8 76. Ke4 Kg7 77. Ke5 Kg8 78. Rf6 Kg7 79. Kf5 Kh7 80. Rg6 Kh8 81. Kf6 Kh7 82. Kf7 Kh8 83. Rh6# 1-0

[Event "GER-ch U12"]
[Site "Oberhof"]
[Date "2013.05.19"]
[Round "2"]
[White "Walow, Xenia"]
[Black "Meyling, Lennart"]
[Result "0-1"]
[WhiteElo "1271"]
[BlackElo "1628"]
[PlyCount "88"]
[EventDate "2013.05.19"]
[EventType "swiss"]
[EventRounds "11"]
[EventCountry "GER"]
[SourceTitle "CBM 154 Extra"]
[Source "ChessBase"]
[SourceDate "2013.06.25"]
[SourceVersion "2"]
[SourceVersionDate "2013.06.25"]
[SourceQuality "1"]

1. d4 Nf6 2. Nf3 g6 3. g3 Bg7 4. Bg2 0-0 5. 0-0 d6 6. Bd2 Nbd7 7. c4 e5 8. d5 Ne8 9. e4 Nc5 10. Nc3 f5 11. Qe2 fxe4 12. Nxe4 Nxe4 13. Qxe4 Bf5 14. Qe3 Nf6 15. h3 c6 16. Ne1 Rc8 17. Qxa7 cxd5 18. cxd5 Qd7 19. Kh2 Qb5 20. Qa3 Ne4 21. Be3 Ra8 22. Qd3 Qxb2 23. Rc1 Nxg3 24. Qb3 Nxf1+ 25. Bxf1 Rxa2 26. Qxb2 Rxb2 27. Bd3 e4 28. Bf1 b5 29. Nc2 b4 30. Na1 b3 31. Rd1 Ra8 32. Bc4 Ra3 33. Kg2 Kf7 34. Rf1 Ke7 35. Bc1 Rxa1 36. Bxb2 Rxf1 37. Bxf1 Bxb2 38. Bc4 e3 39. fxe3 Bc2 40. Kf2 Bf6 41. Kf3 b2 42. Ba2 Bc3 43. e4 Kf6 44. Kf4 Bd2+ 0-1